<?xml version="1.0" encoding="UTF-8"?><?xml-stylesheet type="text/xsl" href="static/style.xsl"?><OAI-PMH xmlns="http://www.openarchives.org/OAI/2.0/" xmlns:xsi="http://www.w3.org/2001/XMLSchema-instance" xsi:schemaLocation="http://www.openarchives.org/OAI/2.0/ http://www.openarchives.org/OAI/2.0/OAI-PMH.xsd"><responseDate>2026-04-14T06:16:24Z</responseDate><request verb="GetRecord" identifier="oai:www.recercat.cat:10256/27961" metadataPrefix="marc">https://recercat.cat/oai/request</request><GetRecord><record><header><identifier>oai:recercat.cat:10256/27961</identifier><datestamp>2025-12-17T12:48:36Z</datestamp><setSpec>com_2072_452955</setSpec><setSpec>com_2072_2054</setSpec><setSpec>col_2072_453072</setSpec></header><metadata><record xmlns="http://www.loc.gov/MARC21/slim" xmlns:dcterms="http://purl.org/dc/terms/" xmlns:xsi="http://www.w3.org/2001/XMLSchema-instance" xmlns:doc="http://www.lyncode.com/xoai" xsi:schemaLocation="http://www.loc.gov/MARC21/slim http://www.loc.gov/standards/marcxml/schema/MARC21slim.xsd">
   <leader>00925njm 22002777a 4500</leader>
   <datafield ind2=" " ind1=" " tag="042">
      <subfield code="a">dc</subfield>
   </datafield>
   <datafield ind2=" " ind1=" " tag="720">
      <subfield code="a">Esteban Guitart, Moisès</subfield>
      <subfield code="e">author</subfield>
   </datafield>
   <datafield ind2=" " ind1=" " tag="720">
      <subfield code="a">González, Norma</subfield>
      <subfield code="e">author</subfield>
   </datafield>
   <datafield ind2=" " ind1=" " tag="720">
      <subfield code="a">Vélez-Ibáñez, Carlos</subfield>
      <subfield code="e">author</subfield>
   </datafield>
   <datafield ind2=" " ind1=" " tag="260">
      <subfield code="c">2025-11-29</subfield>
   </datafield>
   <datafield ind2=" " ind1=" " tag="520">
      <subfield code="a">The aim of this article is to contextualize the perspective of the Funds of Knowledge (FK), with particular attention to what we consider three substantial contributions made by Luis Moll. Namely: (1) the Vygotskian conceptualization of study groups involving researchers and teachers as a mediating social structure; (2) the importance of generating zones of proximal development understood as social processes of trust, collaboration and exchange; and (3) the understanding of FK as psychological tools, socially and culturally situated and distributed, which, when recognized and legitimized in educational contexts, serve to amplify, organize, sustain and regulate (mediate) learning processes. All of this is framed within the commitment and connection that Luis Moll consistently demonstrated between his thought, scholarship and life in relation to 'convivencia' (living together, coexistence). To this end, we trace the origin, development and current stage of internationalization of the FK approach, and finally describe and illustrate, through examples drawn from the contributions in this Special Issue, what we regard as five core principles, or guiding ideas, that have become consolidated over the course of this theoretical and practical approach</subfield>
   </datafield>
   <datafield ind2=" " ind1=" " tag="520">
      <subfield code="a">This work was supported by MCIN/AEI/10.13039/501100011033 and European Union NextGEnerationEU/PRTR, CHANSE programme [PCI2022-135094-2]; the Spanish Ministry of Science and Innovation (MCIN), the Spanish State Research Agency (AEI), and The European Regional Development Fund (European Union) [grant number PID2021-127143NB-I00]. The first author acknowledges financial support from the 2021 ICREA-Academia Award of Generalitat de Catalunya</subfield>
   </datafield>
   <datafield ind2=" " ind1=" " tag="520">
      <subfield code="a">Este trabajo ha sido financiado por MCIN/AEI/10.13039/501100011033 y por la Unión Europea NextGEnerationEU/PRTR, Programa Europeo CHANSE [PCI2022-135094-2]; el Ministerio de Ciencia e Innovación (MCIN) de España, la Agencia Estatal de Investigación (AEI) y el Fondo Europeo de Desarrollo Regional (Unión Europea) [número de subvención PID2021-127143NB-I00]. El primer autor agradece el apoyo financiero del Premio ICREA-Academia 2021 de la Generalitat de Cataluña</subfield>
   </datafield>
   <datafield ind1="8" ind2=" " tag="024">
      <subfield code="a">http://hdl.handle.net/10256/27961</subfield>
   </datafield>
   <datafield tag="653" ind2=" " ind1=" ">
      <subfield code="a">Psicologia de l'aprenentatge</subfield>
   </datafield>
   <datafield tag="653" ind2=" " ind1=" ">
      <subfield code="a">Learning, Psychology of</subfield>
   </datafield>
   <datafield tag="653" ind2=" " ind1=" ">
      <subfield code="a">Comunitats d'aprenentatge</subfield>
   </datafield>
   <datafield tag="653" ind2=" " ind1=" ">
      <subfield code="a">Community and school</subfield>
   </datafield>
   <datafield ind2="0" ind1="0" tag="245">
      <subfield code="a">Origin and development of the Funds of Knowledge approach: a path yet to be followed = Origen y desarrollo de la aproximación de los Fondos de Conocimiento. Un camino aún por recorrer</subfield>
   </datafield>
</record></metadata></record></GetRecord></OAI-PMH>